El ensayo hispanoamericano (Record no. 77297)

MARC details
000 -LEADER
campo de control de longitud fija 00641nam a2200193 i 4500
001 - NÚMERO DE CONTROL
campo de control 77297
003 - IDENTIFICADOR DE NÚMERO DE CONTROL
campo de control ES-MaACL
005 - FECHA Y HORA DE LA ÚLTIMA TRANSACCIÓN
campo de control 20251012194835.0
007 - CAMPO FIJO DE DESCRIPCIÓN FÍSICA--INFORMACIÓN GENERAL
campo de control de longitud fija t|
008 - DATOS DE LONGITUD FIJA--INFORMACIÓN GENERAL
campo de control de longitud fija 041007s1972 sp |||| | spa d
245 03 - MENCIÓN DEL TÍTULO
Título El ensayo hispanoamericano
Resto del título : selecciones de pensadores hispanoamericanos, desde la Independencia hasta nuestros días /
Mención de responsabilidad, etc. por Carlos D. Hamilton.
250 ## - MENCION DE EDICION
Mención de edición 1ª ed.
260 ## - PUBLICACIÓN, DISTRIBUCIÓN, ETC.
Lugar de publicación, distribución, etc. Madrid :
Nombre del editor, distribuidor, etc. Iberoamericanas,
Fecha de publicación, distribución, etc. 1972.
300 ## - DESCRIPCIÓN FÍSICA
Extensión 206 p. ;
Dimensiones 22 cm.
650 #4 - PUNTO DE ACCESO ADICIONAL DE MATERIA--TÉRMINO DE MATERIA
Término de materia o nombre geográfico como elemento de entrada Ensayos hispanoamericanos.
9 (RLIN) 208461
700 1# - ENTRADA AGREGADA--NOMBRE PERSONAL
Nombre de persona Hamilton, Carlos Depassier,
Fechas asociadas al nombre 1908-
9 (RLIN) 154480
852 ## - LOCALIZACIÓN
Ubicación ES-MaACL
Número de control de estantería C-42259
Holdings
Estatus retirado Estado de pérdida Estado de daño No para préstamo Biblioteca de origen Biblioteca actual Ubicación en estantería Fecha de adquisición Fuente de adquisición Total de préstamos Signatura topográfica completa Código de barras Visto por última vez Precio de reemplazo Tipo de ítem Koha
        Biblioteca del Ateneo de Madrid Biblioteca del Ateneo de Madrid Depósito 2 17/01/2008     C-42259 1080874 23/02/2023 23/02/2023 Libro impreso